|
|
|
|
| LEADER |
00000nab a2200000 a 4500 |
| 001 |
vtls000635253 |
| 003 |
SK-MaSNL |
| 005 |
20260302185600.0 |
| 008 |
160401c1997 xo 0 slo |
| 015 |
|
|
|a SNBRB19rr/mm-uuuuu
|
| 035 |
|
|
|a CL0635392
|
| 040 |
|
|
|a SNKBUCL
|b slo
|c SNKBUCL
|e AACR2
|
| 041 |
0 |
|
|a slo
|
| 044 |
|
|
|a xo
|c SK
|
| 080 |
|
|
|a 336.272.7:336.245
|2 1981
|
| 080 |
|
|
|a 336.245
|2 1981
|
| 100 |
1 |
|
|a Grúň, Ľubomír
|4 aut
|9 278206
|
| 245 |
1 |
0 |
|a Dane z nadobudnutia majetku
|c Ľubomír Grúň
|
| 650 |
0 |
7 |
|a daň z dedičstva
|2 snkbucl
|9 300590
|
| 650 |
0 |
7 |
|a daň z darovania
|2 snkbucl
|9 300591
|
| 650 |
0 |
7 |
|a daň z prevodu nehnuteľností
|2 snkbucl
|9 2118
|
| 655 |
|
7 |
|a články z novín a časopisov
|2 snkbucl
|9 267496
|
| 773 |
0 |
|
|x 1335-0714
|t Ekonomický a právny poradca podnikateľa
|g Č. 10-11 (1997), s. 97-102
|
| 850 |
|
|
|a Slovenská národná knižnica v Martine
|a MTA001
|
| 852 |
|
|
|a SNK
|b KIS3GCP
|
| 958 |
|
|
|a RK
|
| 958 |
|
|
|a RBX
|
| 999 |
|
|
|c 1430113
|d 1432043
|